La Història d'en Capablanca, o els defensors de la muntanya / text: Jordi Miralles; dibuixos: Jordi Clapers Jordi Miralles; dibuixos:
Descripción Física:
p. 11 a 38 : il., col. ; 29 cm
Otros Autores:
Clapers, Jordi, il
MARC
| LEADER | 00000nam a2200000Ia 4500 | ||
|---|---|---|---|
| 001 | 12586 | ||
| 008 | 160829s1985 xx 000 0 cat d | ||
| 080 | |a FU-29-16 | ||
| 100 | |a Miralles i Ferrer, Jordi |9 26008 | ||
| 245 | |a La Història d'en Capablanca, o els defensors de la muntanya / text: |b Jordi Miralles; dibuixos: |b Jordi Clapers | ||
| 260 | |a Vic : |b Secretariats Catequístics de Girona, Vic i Solsona, |c 1985 | ||
| 300 | |a p. 11 a 38 : |b il., col. ; |c 29 cm | ||
| 590 | |a Publicada a la revista Cavall Fort, núm. 545/546 (abr. 1985), p. 11-38 | ||
| 650 | |a Parc Natural de Sant Llorenç del Munt i l'Obac |x Còmics |9 26009 | ||
| 650 | |a Capablanca (Bandoler) |x Història |x Còmics |9 26010 | ||
| 650 | |a Natura |x Protecció |x Sant Llorenç del Munt I |9 26011 | ||
| 650 | |a Espais naturals |x Catalunya |9 49616 | ||
| 700 | |a Clapers, Jordi, il. |9 26012 | ||
| 901 | |a Arxiu | ||
| 942 | |n 1 | ||
| 952 | |0 0 |1 0 |4 0 |6 FU2916 |7 1 |9 43855 |a Arxiu |b Arxiu |d 2016-12-01 |l 0 |o FU-29-16 |p 12586 |r 2016-12-01 00:00:00 |w 2016-12-01 |y ARXIU | ||
| 999 | |c 46434 |d 46434 | ||